International valuation standards 2007 (Record no. 107392)
[ view plain ]
| 000 -LEADER | |
|---|---|
| fixed length control field | 02657cam a22003495a 4500 |
| 001 - CONTROL NUMBER | |
| control field | L139971 |
| 008 - FIXED-LENGTH DATA ELEMENTS--GENERAL INFORMATION | |
| fixed length control field | 070823s2007 xxk f u 001 0 eng d |
| 020 ## - INTERNATIONAL STANDARD BOOK NUMBER | |
| International Standard Book Number | 9780922154944 |
| 035 ## - SYSTEM CONTROL NUMBER | |
| System control number | (Sirsi) u139971 |
| 041 0# - LANGUAGE CODE | |
| Language code of text/sound track or separate title | eng |
| 050 04 - LIBRARY OF CONGRESS CALL NUMBER | |
| Classification number | 333.332091 $2 18 |
| 110 2# - MAIN ENTRY--CORPORATE NAME | |
| Corporate name or jurisdiction name as entry element | International Valuation Standards Committee |
| 9 (RLIN) | 3611 |
| 245 00 - TITLE STATEMENT | |
| Title | International valuation standards 2007 |
| 250 ## - EDITION STATEMENT | |
| Edition statement | 8th ed. |
| 260 ## - PUBLICATION, DISTRIBUTION, ETC. | |
| Place of publication, distribution, etc. | London |
| Name of publisher, distributor, etc. | IVSC |
| Date of publication, distribution, etc. | 2007 |
| 300 ## - PHYSICAL DESCRIPTION | |
| Extent | xviii, 462p. |
| Dimensions | 21cm. |
| 350 ## - PRICE (NR) (BK AM CF MU VM SE) [OBSOLETE] | |
| Price | 40 |
| 490 #0 - SERIES STATEMENT | |
| Series statement | International Valuation Standards |
| Volume/sequential designation | 2007 |
| 490 #0 - SERIES STATEMENT | |
| Series statement | International Valuation Applications |
| 490 #0 - SERIES STATEMENT | |
| Series statement | ISVC Guidance Notes |
| 505 2# - FORMATTED CONTENTS NOTE | |
| Formatted contents note | Introduction -- Concepts fundamental to generally accepted valuation principles -- Code of conduct -- Property types -- Glossary |
| 505 2# - FORMATTED CONTENTS NOTE | |
| Formatted contents note | International Valuation Standards: IVS 1 market value basis of valuation -- IVS 2 bases other than market value -- IVS 3 valuation reporting |
| 505 2# - FORMATTED CONTENTS NOTE | |
| Formatted contents note | International Valuation Applications: IVA 1 valuation for financial reporting; addendum A: further guidance on lease accounting -- IVA 2 valuation for secured lending purposes -- IVA 3 valuation of public sector assets for financial reporting |
| 505 2# - FORMATTED CONTENTS NOTE | |
| Formatted contents note | Guidance Notes: GN 1 real property valuation -- GN 2 valuation of lease interests -- GN 3 valuation of plant and equipment -- GN 4 valuation of intangible assets -- GN 5 valuation of personal property -- GN 6 business valuation -- GN 7 consideration of hazardous and toxic substances in valuation -- GN 8 the Cost Approach for Financial Reporting (DRC); addendum A: profitability test when reporting DRC -- GN 9 Discounted Cash Flow (DCF) analysis for market valuations and investment analysis -- GN 10 valuation of agricultural premises -- GN 11 reviewing valuations -- GN 12 valuation of trade related property -- GN 13 mass appraisal for property taxation -- GN 14 valuation of properties in the extractive industries -- GN 15 valuation of historic property |
| 520 ## - SUMMARY, ETC. | |
| Summary, etc. | Provides a clear set of internationally recognised and accepted valuation standards. Key changes to the eighth edition include a new Application ("Valuation of public sector assets for financial reporting") and a new Guidance Note ("Valuation of historic property"). IVS 2 ("Bases other than market value") and IVA 2 ("Valuation for secured lending purposes") have also been significantly revised. |
| 520 ## - SUMMARY, ETC. | |
| Summary, etc. | Supersedes seventh edition (ISBN 092215483X). |
| 520 ## - SUMMARY, ETC. | |
| Summary, etc. | GN 4 on the Valuation of Intangible Assets revised in 2010 - see E149543. |
| 590 ## - LOCAL NOTE (RLIN) | |
| Local note | KA |
| 651 #4 - SUBJECT ADDED ENTRY--GEOGRAPHIC NAME | |
| Geographic name | International |
| 690 ## - LOCAL SUBJECT ADDED ENTRY--TOPICAL TERM (OCLC, RLIN) | |
| Topical term or geographic name as entry element | PROPERTY-PROPERTY APPRAISAL AND VALUATION |
| 942 ## - ADDED ENTRY ELEMENTS (KOHA) | |
| Suppress in OPAC | 0 |
| Withdrawn status | Lost status | Source of classification or shelving scheme | Damaged status | Not for loan | Home library | Current library | Shelving location | Date acquired | Cost, normal purchase price | Total Checkouts | Full call number | Barcode | Date last seen | Date last checked out | Copy number | Cost, replacement price | Price effective from | Koha item type |
|---|---|---|---|---|---|---|---|---|---|---|---|---|---|---|---|---|---|---|
| Dewey Decimal Classification | London | London | Basement | 16/10/2007 | 40.00 | 1 | RESERVE | 30074203 | 06/08/2019 | 15/01/2013 | 1 | 40.00 | 06/08/2019 | Book |